A Life of Jung : (Record no. 587110)

MARC details
000 -LEADER
fixed length control field 00500nam a2200193 a 4500
008 - FIXED-LENGTH DATA ELEMENTS--GENERAL INFORMATION
fixed length control field 250914s2002##################000#0#eng##
020 ## - INTERNATIONAL STANDARD BOOK NUMBER
ISBN 9780747557227
082 04 - DEWEY DECIMAL CLASSIFICATION NUMBER
Classification number 150.1954092
Item number HAY
100 1# - MAIN ENTRY--AUTHOR NAME
Personal name Hayman, Ronald,
245 10 - TITLE STATEMENT
Title A Life of Jung :
260 ## - PUBLICATION, DISTRIBUTION, ETC. (IMPRINT)
Name of publisher Bloomsbury Paperbacks,
Year of publication 2002.
300 ## - PHYSICAL DESCRIPTION
Number of Pages 522 pages
650 #0 - SUBJECT ADDED ENTRY--TOPICAL TERM
Topical Term Psychoanalysts.
942 ## - ADDED ENTRY ELEMENTS (KOHA)
Koha item type English Books
Holdings
Withdrawn status Lost status Damaged status Not for loan Home library Current library Shelving location Date acquired Full call number Accession Number Price effective from Koha item type
        Anna Centenary Library Anna Centenary Library 3RD FLOOR, A WING 15.09.2025 150.1954092 HAY 499525 15.09.2025 English Books

Find us on the map